La Criminología: estudio sobre el delito y la teoría de la represión (Registro nro. 1704)

Detalles MARC
000 -Cabecera
Campo de control de longitud fija 00847aam a2200325 4500
005 - Fecha y hora de la última transacción
Campo de control 20260302191935.0
008 - Elementos de longitud fija--Información general
Campo de control de longitud fija 150713b2005 xxu||||| |||| 00| 0 spa d
020 ## - International Standard Book Number
Número Internacional Estándar del Libro (ISBN) 9974578558
041 ## - Idioma
Código de idioma Español
082 ## - Clasificación Decimal Dewey
Número de clasificación 364.1 G237c
100 ## - Entrada principal--Autor personal
Nombre personal Garofolo, Raffaele
9 (RLIN) 28450
245 ## - Título propiamente dicho
Título La Criminología: estudio sobre el delito y la teoría de la represión
260 ## - Pie de imprenta
Lugar de publicación, distribución, etc. Argentina
260 ## - Pie de imprenta
Nombre del editor, distribuidor, etc. Editorial B de F
260 ## - Pie de imprenta
Fecha de publicación, distribución, etc. 2005
300 ## - Descripción física
Extensión 346 páginas
490 ## - Serie
Título de la Serie Investigación Criminal
650 ## - Materia general
Temática (materia general) DELITOS
650 ## - Materia general
Temática (materia general) CRIMINOLOGÍA
650 ## - Materia general
Temática (materia general) TEORÍAS DEL DELITO
650 ## - Materia general
Temática (materia general) DELINCUENTES
650 ## - Materia general
Temática (materia general) DELITO NATUAL
650 ## - Materia general
Temática (materia general) EDUCACIÓN
650 ## - Materia general
Temática (materia general) CONDICIONES ECONÓMICAS
650 ## - Materia general
Temática (materia general) LEGISLACIÓN
650 ## - Materia general
Temática (materia general) REPRESIÓN
650 ## - Materia general
Temática (materia general) ADAPTACIÓN
650 ## - Materia general
Temática (materia general) SISTEMA PENAL
942 ## - Punto de acceso adicional KOHA
Tipo de ítem KOHA Libro
Fuente del sistema de clasificación o colocación Dewey Decimal Classification
Existencias
Signatura completa Código de barras Programa Académico Tipo de ítem
364.1 G237c 10985 Investigación Criminal Libro
364.1 G237c 11814 Investigación Criminal Libro